| 000 | 00686 a2200193 4500 | ||
|---|---|---|---|
| 999 |
_c2505 _d2505 |
||
| 020 | _a9780865435131 | ||
| 050 | 0 | 0 | _aHC 885 RUG 1996 |
| 100 | 1 |
_aRugumamu, Severine Mushambampale, _d1950- |
|
| 245 | 1 | 0 |
_aLethal aid : _bthe illusion of socialism and self-reliance in Tanzania / _cSeverine M. Rugumamu. |
| 264 |
_aTrenton: _bAfrica World Press; _c1996 |
||
| 300 | _axiii, 325 p. ; | ||
| 500 | _aincludes index | ||
| 504 | _aIncludes bibliographical references (p. [291]-317) | ||
| 650 | 0 | _aEconomic assistance | |
| 650 | 0 | _aSocialism | |
| 651 | 0 | _aTanzania | |
| 942 |
_2lcc _cBK _h885 _iRUG _kHC |
||